Every AFL Player (debuted between 1990 and 2023) - Statistics

General Stats
  • This quiz has been taken 22 times
  • The average score is 131 of 3047
Answer Stats
% Correct
Darcy Moore
56%
Dustin Martin
56%
Nick Daicos
56%
Brodie Grundy
44%
Charlie Dixon
44%
Jason Taylor
44%
Joel Selwood
44%
Josh Daicos
44%
Lachie Neale
44%
Marcus Bontempelli
44%
Scott Pendlebury
44%
Tom Mitchell
44%
Travis Boak
44%
Zak Butters
44%
Barry Hall
33%
Ben Cousins
33%
Ben Cunnington
33%
Ben King
33%
Brad Scott
33%
Brent Harvey
33%
Chris Judd
33%
Chris Scott
33%
Christian Petracca
33%
Clayton Oliver
33%
Connor Rozee
33%
Dale Thomas
33%
Dan Houston
33%
Darren Jolly
33%
Dom Sheed
33%
Jack Ginnivan
33%
James Hird
33%
James Worpel
33%
Jamie Elliott
33%
Jarryd Roughead
33%
Jason Akermanis
33%
Jeremy Howe
33%
Jordan de Goey
33%
Jordan Roughead
33%
Karl Amon
33%
Lance Franklin
33%
Lenny Hayes
33%
Marcus Windhager
33%
Matt Crouch
33%
Matthew Scarlett
33%
Max Gawn
33%
Max King
33%
Nat Fyfe
33%
Nathan Buckley
33%
Nick Riewoldt
33%
Patrick Dangerfield
33%
Peter Wright
33%
Rory Sloane
33%
Sam Mitchell
33%
Sam Walsh
33%
Scott Selwood
33%
Simon Black
33%
Steele Sidebottom
33%
Taylor Adams
33%
Taylor Walker
33%
Tim English
33%
Todd Goldstein
33%
Tom Green
33%
Tom Lynch
33%
Tom Phillips
33%
Travis Cloke
33%
Troy Selwood
33%
Will Ashcroft
33%
Zach Merrett
33%
Aaron Francis
22%
Aaron Hall
22%
Adam Kingsley
22%
Adam Selwood
22%
Andrew Swallow
22%
Angelo Lekkas
22%
Angus Monfries
22%
Ash Johnson
22%
Bailey Dale
22%
Bailey Smith
22%
Beau McCreery
22%
Ben Dixon
22%
Ben McEvoy
22%
Billy Frampton
22%
Bobby Hill
22%
Brad Close
22%
Brad Crouch
22%
Brad Ebert
22%
Brad Johnson
22%
Bradley Hill
22%
Brad Sewell
22%
Brendan Fevola
22%
Brent Daniels
22%
Brian Lake
22%
Callum Mills
22%
Callum Wilkie
22%
Cameron Mooney
22%
Chad Wingard
22%
Chance Bateman
22%
Charlie Cameron
22%
Charlie Dean
22%
Conor Glass
22%
Conor Nash
22%
Craig McRae
22%
Cyril Rioli
22%
Damien Hardwick
22%
Dane Swan
22%
Dan Hannebery
22%
Daniel Kerr
22%
Daniel Motlop
22%
Daniel Rioli
22%
David Hale
22%
David King
22%
David Mundy
22%
David Swallow
22%
Dean Cox
22%
Dustin Fletcher
22%
Dylan Moore
22%
Eddie Betts
22%
Ed Richards
22%
Francis Evans
22%
Gary Ablett
22%
Grant Birchall
22%
Gryan Miers
22%
Harley Reid
22%
Isaac Quaynor
22%
Jack Darling
22%
Jack Gunston
22%
Jack Henry
22%
Jack Higgins
22%
Jack Riewoldt
22%
Jack Scrimshaw
22%
Jack Steele
22%
Jack Ziebell
22%
Jade Rawlings
22%
Jai Newcombe
22%
Jake Lever
22%
James Frawley
22%
Jarman Impey
22%
Jarrod Witts
22%
Jeremy McGovern
22%
Jesse Hogan
22%
Jesse Motlop
22%
Jobe Watson
22%
Joe Daniher
22%
John Noble
22%
Jordan Clark
22%
Jordan Lewis
22%
Jordan Ridley
22%
Josh Dunkley
22%
Josh Kennedy
22%
Josh Ward
22%
Justin Westhoff
22%
Jye Caldwell
22%
Jy Simpkin
22%
Lachie Ash
22%
Lewis Jetta
22%
Liam Duggan
22%
Liam Picken
22%
Liam Ryan
22%
Liam Stocker
22%
Luke Ball
22%
Luke Breust
22%
Luke Darcy
22%
Luke Hodge
22%
Luke Jackson
22%
Marc Murphy
22%
Mark LeCras
22%
Mark Ricciuto
22%
Mark Williams
22%
Mason Cox
22%
Mason Redman
22%
Matt Flynn
22%
Matthew Lloyd
22%
Matthew Nicks
22%
Matthew Richardson
22%
Matt Priddis
22%
Matt Rowell
22%
Maurice Rioli
22%
Max Bailey
22%
Michael Voss
22%
Michael Walters
22%
Miles Bergman
22%
Mitch Georgiades
22%
Mitch McGovern
22%
Nasiah Wanganeen-Milera
22%
Nathan Ablett
22%
Nathan Jones
22%
Nathan Vardy
22%
Ned Long
22%
Nick Dal Santo
22%
Nic Martin
22%
Noah Anderson
22%
Oliver Henry
22%
Ollie Wines
22%
Paddy Ryder
22%
Patrick Cripps
22%
Paul Johnson
22%
Paul Puopolo
22%
Rhys Stanley
22%
Riley Thilthorpe
22%
Ryan Burton
22%
Sam Darcy
22%
Sam De Koning
22%
Sam Draper
22%
Sam Frost
22%
Sam Jacobs
22%
Sam Powell-Pepper
22%
Scott Lycett
22%
Scott West
22%
Seth Campbell
22%
Shane Crawford
22%
Shane Tuck
22%
Shaun Burgoyne
22%
Shaun Higgins
22%
Stephen Coniglio
22%
Stephen Hill
22%
Stephen Milne
22%
Steven May
22%
Stuart Dew
22%
Teia Miles
22%
Tim Allen
22%
Tim OBrien
22%
Toby Greene
22%
Todd Marshall
22%
Tom De Koning
22%
Tom Hawkins
22%
Tom Liberatore
22%
Tom McCartin
22%
Touk Miller
22%
Travis Varcoe
22%
Trent Bianco
22%
Trent Croad
22%
Ty Vickery
22%
Will Hoskin-Elliott
22%
Willie Rioli
22%
Will Schofield
22%
Xavier Duursma
22%
Xavier Ellis
22%
Zak Jones
22%
Zane Duursma
22%
Aaron Hamill
11%
Aaron Lord
11%
Aaron Mullett
11%
Aaron Sandilands
11%
Aaron Shattock
11%
Adam Cooney
11%
Adam Goodes
11%
Adam Hunter
11%
Adam McPhee
11%
Adam Simpson
11%
Adam Tomlinson
11%
Adam Treloar
11%
Adem Yze
11%
Adrian Cox
11%
Alan Toovey
11%
Alex Johnson
11%
Alex Pearce
11%
Alex Rance
11%
Alex Woodward
11%
Amon Buchanan
11%
Andrew Brayshaw
11%
Andrew Carrazzo
11%
Andrew Embley
11%
Andrew Gaff
11%
Andrew Jarman
11%
Andrew Krakouer
11%
Andrew McDougall
11%
Andrew McGovern
11%
Andrew McGrath
11%
Andrew McQualter
11%
Andrew Moore
11%
Andrew Phillips
11%
Andrew Walker
11%
Anthony Koutoufides
11%
Anthony McDonald
11%
Anthony McDonald-Tipungwuti
11%
Anthony Miles
11%
Anthony Rocca
11%
Archie Perkins
11%
Ashley McGrath
11%
Ashley Sampi
11%
Ashley Watson
11%
Bailey Humphrey
11%
Bailey Macdonald
11%
Bailey Williams
11%
Beau Dowler
11%
Beau Muston
11%
Ben Allan
11%
Ben Brown
11%
Ben Bucovaz
11%
Ben Fixter
11%
Ben Graham
11%
Ben Holland
11%
Ben Johnson
11%
Ben Long
11%
Ben McGlynn
11%
Ben Nason
11%
Ben Ross
11%
Ben Stratton
11%
Bodhi Uwland
11%
Bo Nixon
11%
Brad Dick
11%
Brad Lloyd
11%
Brad Moran
11%
Brad Ottens
11%
Brad Sheppard
11%
Brad Symes
11%
Brayden Ham
11%
Brayden Maynard
11%
Brayden Sier
11%
Brendon Lade
11%
Brent Guerra
11%
Brent Moloney
11%
Brent Reilly
11%
Brent Renouf
11%
Brett Deledio
11%
Brett Ebert
11%
Brett Eddy
11%
Brett Heady
11%
Brett Johnson
11%
Brett Kirk
11%
Brett Peake
11%
Brett Ratten
11%
Brett Voss
11%
Brock McLean
11%
Broc McCauley
11%
Brodie Smith
11%
Brody Mihocek
11%
Bryce Gibbs
11%
Byron Pickett
11%
Caleb Daniel
11%
Cale Morton
11%
Callan Ward
11%
Callum Coleman-Jones
11%
Cameron Bruce
11%
Cameron Cloke
11%
Cameron Guthrie
11%
Cameron Ling
11%
Cameron Stokes
11%
Cameron Zurhaar
11%
Cam Mackenzie
11%
Cam Rayner
11%
Carl Peterson
11%
Chad Cornes
11%
Chad Fletcher
11%
Chad Warner
11%
Charlie Comben
11%
Charlie Curnow
11%
Chris Bryan
11%
Chris Burgess
11%
Chris Egan
11%
Chris Grant
11%
Chris Heffernan
11%
Chris Masten
11%
Christian Salem
11%
Chris Yarran
11%
Clem Michael
11%
Clint Bizzell
11%
Clinton Young
11%
Clive Waterhouse
11%
Colby McKercher
11%
Colin Sylvia
11%
Connor Downie
11%
Connor Macdonald
11%
Cooper Hamilton
11%
Cooper Harvey
11%
Corey Enright
11%
Corey McKernan
11%
Corey Warner
11%
Courtney Johns
11%
Craig Bird
11%
Dale Kickett
11%
Dale Lewis
11%
Dale Morris
11%
Dallas Willsmore
11%
Dane Rampe
11%
Daniel Bandy
11%
Daniel Chick
11%
Daniel Gorringe
11%
Daniel Harford
11%
Daniel Harris
11%
Daniel Howe
11%
Daniel McStay
11%
Daniel Pratt
11%
Daniel Rich
11%
Daniel Stewart
11%
Daniel Talia
11%
Daniel Wells
11%
Danny Jacobs
11%
Danny Stanley
11%
Dan Robinson
11%
Darcy Byrne-Jones
11%
Darcy Cameron
11%
Darcy Daniher
11%
Darcy Fogarty
11%
Darcy Fort
11%
Darcy Parish
11%
Darcy Wilson
11%
Darren Gaspar
11%
Darren Hulme
11%
Darren Jarman
11%
Darren Minchington
11%
David Clarke
11%
David Fanning
11%
David Mirra
11%
David Neitz
11%
David Wirrpanda
11%
David Zaharakis
11%
Dayne Beams
11%
Dayne Zorko
11%
Dean Brogan
11%
Dean Polo
11%
Dean Rioli
11%
Des Headland
11%
Devon Smith
11%
Dougal Howard
11%
Drew Banfield
11%
Drew Petrie
11%
Dylan Clarke
11%
Dylan Grimes
11%
Dylan Shiel
11%
Dylan Williams
11%
Easton Wood
11%
Ed Curnow
11%
Elijah Hewett
11%
Elliot Yeo
11%
Emerson Jeka
11%
Errol Gulden
11%
Finlay Macrae
11%
Finn Callaghan
11%
Finn Maginness
11%
Fletcher Roberts
11%
Fraser Gehrig
11%
Garry Moss
11%
Gary Rohan
11%
Gavin Wanganeen
11%
George Hewett
11%
George Wardlaw
11%
Glen Bowyer
11%
Glen Jakovich
11%
Glenn Archer
11%
Graham Polak
11%
Grant Williams
11%
Guy Richards
11%
Hamish Brayshaw
11%
Hamish Hartlett
11%
Harris Andrews
11%
Harry Cunningham
11%
Harry Miller
11%
Harry Petty
11%
Harry Sharp
11%
Harry Sheezel
11%
Harry Taylor
11%
Harvey Harrison
11%
Hayden Young
11%
Heath Grundy
11%
Heath Shaw
11%
Henry Hustwaite
11%
Hugh Goddard
11%
Isaac Heeney
11%
Isaac Smith
11%
Izak Rankine
11%
Jack Buckley
11%
Jack Crisp
11%
Jack Fitzpatrick
11%
Jack Frost
11%
Jack Grimes
11%
Jack Hayes
11%
Jack Lonie
11%
Jack Macrae
11%
Jack Redpath
11%
Jack Ross
11%
Jackson Archer
11%
Jackson Callow
11%
Jack Steven
11%
Jack Watts
11%
Jacob Hopper
11%
Jacob Koschitzke
11%
Jacob Townsend
11%
Jacob Weitering
11%
Jaeger OMeara
11%
Jaidyn Stephenson
11%
Jai Serong
11%
Jake Lloyd
11%
Jakob Ryan
11%
James Begley
11%
James Cousins
11%
James Gwilt
11%
James Harmes
11%
James Kelly
11%
James McDonald
11%
James Podsiadly
11%
James Rowbottom
11%
James Sicily
11%
James Stewart
11%
Jamie Cripps
11%
Jarrad Redden
11%
Jarrad Waite
11%
Jarrod Pickett
11%
Jarryd Morton
11%
Jase Burgoyne
11%
Jason Ball
11%
Jason Castagna
11%
Jason Cloke
11%
Jason Gram
11%
Jason Horne-Francis
11%
Jason Mooney
11%
Jason Saddington
11%
Jason Smith
11%
Jaspa Fletcher
11%
Jasper Pittard
11%
Jay Lockhart
11%
Jay Schulz
11%
Jay van Berlo
11%
Jed Adcock
11%
Jed Anderson
11%
Jeff Farmer
11%
Jeff White
11%
Jeremy Cameron
11%
Jhye Clark
11%
Jimmy Bartel
11%
Joel Corey
11%
Joel Hamling
11%
Joel Macdonald
11%
Joel Reynolds
11%
Joel Smith
11%
Joel Tippett
11%
Joe McLaren
11%
Joe Misiti
11%
John Anthony
11%
John Barker
11%
Jonathon Ceglar
11%
Jonathon Patton
11%
Jordan Dawson
11%
Jordan Jones
11%
Jordan Lisle
11%
Jordie McKenzie
11%
Josh Battle
11%
Josh Bruce
11%
Josh Carmichael
11%
Josh Drummond
11%
Josh Francou
11%
Josh Gibcus
11%
Josh Gibson
11%
Josh Green
11%
Josh Kelly
11%
Josh Rachele
11%
Josh Saunders
11%
Josh Smith
11%
Josh Thomas
11%
Josh Thurgood
11%
Josh Treacy
11%
Josh Weddle
11%
Josh Worrell
11%
Judson Clarke
11%
Justin Blumfield
11%
Justin Crawford
11%
Justin Koschitzke
11%
Kade Simpson
11%
Kade Stewart
11%
Kamdyn McIntosh
11%
Kane Cornes
11%
Kane Johnson
11%
Kane Mitchell
11%
Kasey Green
11%
Kepler Bradley
11%
Kieran Lovell
11%
Kieren Briggs
11%
Kingsley Hunter
11%
Kris Barlow
11%
Kris Massie
11%
Kurt Tippett
11%
Kyle Cheney
11%
Kyle Hartigan
11%
Kyle Martin
11%
Kysaiah Pickett
11%
Lachie Henderson
11%
Lachie Schultz
11%
Lachie Whitfield
11%
Lachlan Bramble
11%
Lance Whitnall
11%
Leigh Brown
11%
Leigh Montagna
11%
Leo Barry
11%
Leon Davis
11%
Levi Greenwood
11%
Liam Henry
11%
Liam Jones
11%
Liam Jurrah
11%
Liam Patrick
11%
Liam Shiels
11%
Louis Herbert
11%
Luke Ablett
11%
Luke Livingston
11%
Luke Lowden
11%
Luke McCabe
11%
Luke McDonald
11%
Luke McPharlin
11%
Luke Parker
11%
Luke Power
11%
Luke Ryan
11%
Luke Shuey
11%
Luke Thompson
11%
Luke Vogels
11%
Mabior Chol
11%
Mac Andrew
11%
Marc Lock
11%
Marc Pittonet
11%
Marcus Picken
11%
Mark Blicavs
11%
Mark Coughlan
11%
Mark Graham
11%
Mark Hutchings
11%
Mark Keane
11%
Mark Mercuri
11%
Marlion Pickett
11%
Marlon Motlop
11%
Martin Mattner
11%
Martin Pike
11%
Matt Dea
11%
Matthew Allan
11%
Matthew Bate
11%
Matthew Bode
11%
Matthew Clarke
11%
Matthew Dent
11%
Matthew Egan
11%
Matthew Kreuzer
11%
Matthew Lappin
11%
Matthew Leuenberger
11%
Matthew Lobbe
11%
Matthew Lokan
11%
Matthew Moody
11%
Matthew Pavlich
11%
Matthew Primus
11%
Matthew Robran
11%
Matthew Shir
11%
Matthew Spangher
11%
Matthew Warnock
11%
Matthew Whelan
11%
Matt Maguire
11%
Matt White
11%
Max Lynch
11%
Michael Barlow
11%
Michael Collica
11%
Michael Frederick
11%
Michael Jamison
11%
Michael Osborne
11%
Michael Talia
11%
Miller Bergman
11%
Mitch Clark
11%
Mitch Duncan
11%
Mitch Hahn
11%
Mitch Hallahan
11%
Mitch Hannan
11%
Mitch Morton
11%
Mitch Robinson
11%
Mitch Thorp
11%
Nathan Bock
11%
Nathan Broad
11%
Nathan Carroll
11%
Nathan Eagleton
11%
Nathan Kreuger
11%
Nathan Lonie
11%
Nathan Lovett-Murray
11%
Nathan Murphy
11%
Nathan Thompson
11%
Nathan Turvey
11%
Nathan van Berlo
11%
Ned Reeves
11%
Neville Jetta
11%
Nic Fosdike
11%
Nick Daffy
11%
Nick Davis
11%
Nick Gill
11%
Nick Heyne
11%
Nick Hind
11%
Nick Holland
11%
Nick Holman
11%
Nick Larkey
11%
Nick Malceski
11%
Nick Ries
11%
Nick Smith
11%
Nick Stevens
11%
Nick Stone
11%
Nick Suban
11%
Nick Vlastuin
11%
Nic Naitanui
11%
Noah Balta
11%
Noah Long
11%
Oleg Markov
11%
Oscar Allen
11%
Oscar McInerney
11%
Paddy Dow
11%
Paddy McCartin
11%
Patrick Lipinski
11%
Paul Barnard
11%
Paul Chapman
11%
Paul Curtis
11%
Paul Medhurst
11%
Paul Stewart
11%
Paul Wheatley
11%
Paul Williams
11%
Peter Bell
11%
Peter Everitt
11%
Phil Davis
11%
Rayden Tallis
11%
Reef McInnes
11%
Relton Roberts
11%
Reuben Ginbey
11%
Rhyan Mansell
11%
Rhylee West
11%
Rhys Magin
11%
Richard Hadley
11%
Richard Tambling
11%
Richard Taylor
11%
Richard Vandenberg
11%
Rick Ladson
11%
Ricky Henderson
11%
Riley Garcia
11%
Riley Milne
11%
Robbie Fox
11%
Robbie Gray
11%
Robbie Young
11%
Robert Eddy
11%
Robert Shirley
11%
Robert Warnock
11%
Rory Laird
11%
Rory Lobb
11%
Rowan Marshall
11%
Ryan Griffen
11%
Ryan Lonie
11%
Ryan OKeefe
11%
Ryan Schoenmakers
11%
Sam Banks
11%
Sam Collins
11%
Sam Day
11%
Sam Docherty
11%
Sam Durham
11%
Sam Dwyer
11%
Sam Flanders
11%
Sam Hayes
11%
Sam Switkowski
11%
Sam Taylor
11%
Saverio Rocca
11%
Scott Lucas
11%
Scott Thompson
11%
Scott Welsh
11%
Sean Dempster
11%
Sean Lemmens
11%
Sean Wellman
11%
Sebastian Ross
11%
Seb Tape
11%
Shane Morrison
11%
Shane Mumford
11%
Shane Savage
11%
Shane Yarran
11%
Shannon Cox
11%
Shannon Motlop
11%
Shannon Neale
11%
Shaun Grigg
11%
Shaun Mannagh
11%
Shaun McKernan
11%
Shaun Rehn
11%
Simon Beaumont
11%
Simon Cox
11%
Simon Goodwin
11%
Simon Hogan
11%
Simon Taylor
11%
Stefan Martin
11%
Stephen Doyle
11%
Stephen Gilham
11%
Steve Johnson
11%
Steven Alessio
11%
Steven Armstrong
11%
Steven Greene
11%
Steven King
11%
Steven Motlop
11%
Steven Rode
11%
Steven Salopek
11%
Stuart Maxfield
11%
Tanner Bruhn
11%
Ted Richards
11%
Tendai Mzungu
11%
Terry Milera
11%
Tex Wanganeen
11%
Tim Boyle
11%
Tim Callan
11%
Tim Clarke
11%
Tim Hargreaves
11%
Tim Hazell
11%
Tim Kelly
11%
Tim Taranto
11%
Toby Nankervis
11%
Toby Thurstans
11%
Todd Ridley
11%
Tom Barrass
11%
Tom Bell
11%
Tom Boyd
11%
Tom Cole
11%
Tom Harley
11%
Tom Murphy
11%
Tom Nicholls
11%
Tom Papley
11%
Tom Powell
11%
Tom Rockliff
11%
Tom Ruggles
11%
Tom Scully
11%
Tom Simpkin
11%
Tom Stewart
11%
Tom Williams
11%
Tom Wilson
11%
Tony Modra
11%
Travis Gaspar
11%
Travis Johnstone
11%
Travis Tuck
11%
Trent Cotchin
11%
Trent McKenzie
11%
Trent West
11%
Trey Ruscoe
11%
Tristan Xerri
11%
Troy Broadbridge
11%
Tyler Brockman
11%
Tyson Edwards
11%
Ty Zantuck
11%
Viv Michie
11%
Wade Thompson
11%
Warren Tredrea
11%
Wayde Skipper
11%
Will Day
11%
Willem Drew
11%
Will Kelly
11%
Will Langford
11%
Will Phillips
11%
Winston Abraham
11%
Xavier Clarke
11%
Zac Bailey
11%
Zach Reid
11%
Aaron Black
0%
Aaron Cadman
0%
Aaron Cornelius
0%
Aaron Davey
0%
Aaron Edwards
0%
Aaron Fiora
0%
Aaron Henneman
0%
Aaron James
0%
Aaron Joseph
0%
Aaron Keating
0%
Aaron Naughton
0%
Aaron Rogers
0%
Aaron Vandenberg
0%
Aaron Young
0%
Adam Bentick
0%
Adam Campbell
0%
Adam Carter
0%
Adam Cerra
0%
Adam Chatfield
0%
Adam Cockie
0%
Adam Cockshell
0%
Adam Contessa
0%
Adam Hartlett
0%
Adam Heuskes
0%
Adam Houlihan
0%
Adam Iacobucci
0%
Adam Kennedy
0%
Adam Kerinaiua
0%
Adam Lange
0%
Adam Marcon
0%
Adam McCarthy
0%
Adam Morgan
0%
Adam Oxley
0%
Adam Pattison
0%
Adam Pickering
0%
Adam Ramanauskas
0%
Adam Richardson
0%
Adam Saad
0%
Adam Saliba
0%
Adam Schneider
0%
Adam Slater
0%
Adam Thomson
0%
Adam White
0%
Addam Maric
0%
Adrian Bassett
0%
Adrian Burns
0%
Adrian De Luca
0%
Adrian Hickmott
0%
Adrian McAdam
0%
Adrian Whitehead
0%
Ahmed Saad
0%
Aidan Corr
0%
Aidan Riley
0%
Aiden Begg
0%
Aiden Bonar
0%
Aidyn Johnson
0%
Alan Didak
0%
Alan Obst
0%
Alan Thorpe
0%
Alastair Lord
0%
Albert Proud
0%
Aldo Dipetta
0%
Alec Waterman
0%
Alex Browne
0%
Alex Cincotta
0%
Alex Davies
0%
Alex Fasolo
0%
Alex Forster
0%
Alex Georgiou
0%
Alex Keath
0%
Alex McDonald
0%
Alex Morgan
0%
Alex Neal-Bullen
0%
Alex Sexton
0%
Alex Silvagni
0%
Alex Witherden
0%
Aliir Aliir
0%
Alik Magin
0%
Alipate Carlile
0%
Alistair Nicholson
0%
Alistair Smith
0%
Alister Carr
0%
Allan Bartlett
0%
Allan Murray
0%
Allen Christensen
0%
Allen Jakovich
0%
Allister Scott
0%
Alwyn Davey
0%
Andrejs Everitt
0%
Andrew Balkwill
0%
Andrew Bomford
0%
Andrew Boston
0%
Andrew Browne
0%
Andrew Cavedon
0%
Andrew Collins
0%
Andrew Crowell
0%
Andrew Dimattina
0%
Andrew Donnelly
0%
Andrew Dunkley
0%
Andrew Eccles
0%
Andrew Ford
0%
Andrew Foster
0%
Andrew Hill
0%
Andrew Hooper
0%
Andrew Johnston
0%
Andrew Kellaway
0%
Andrew Lamprill
0%
Andrew Lee
0%
Andrew Leoncelli
0%
Andrew Lovett
0%
Andrew Mackie
0%
Andrew McInnes
0%
Andrew McKay
0%
Andrew McLean
0%
Andrew McLeod
0%
Andrew McPherson
0%
Andrew Merrington
0%
Andrew Mills
0%
Andrew Nichol
0%
Andrew Obst
0%
Andrew Payze
0%
Andrew Pugsley
0%
Andrew Raines
0%
Andrew Schauble
0%
Andrew Shipp
0%
Andrew Siegert
0%
Andrew Strijk
0%
Andrew Thompson
0%
Andrew Thomson
0%
Andrew Tranquilli
0%
Andrew Ukovic
0%
Andrew Welsh
0%
Andrew Williams
0%
Andrew Wills
0%
Andy Otten
0%
Ang Christou
0%
Angus Brayshaw
0%
Angus Dewar
0%
Angus Graham
0%
Angus Hastie
0%
Angus Schumacher
0%
Angus Sheldrick
0%
Anthony Banik
0%
Anthony Caminiti
0%
Anthony Corrie
0%
Anthony Darcy
0%
Anthony Dwyer
0%
Anthony Franchina
0%
Anthony Harvey
0%
Anthony Ingerson
0%
Anthony Jones
0%
Anthony McGregor
0%
Anthony Mellington
0%
Anthony Morabito
0%
Anthony Scott
0%
Antoni Grover
0%
Anton Tohill
0%
Archie Smith
0%
Ariel Steinberg
0%
Arryn Siposs
0%
Arthur Jones
0%
Ashley Blurton
0%
Ashley Fernee
0%
Ashley Green
0%
Ashley Hansen
0%
Ashley McIntosh
0%
Ashley Prescott
0%
Ashley Smith
0%
Ashton Hams
0%
Atu Bosenavulagi
0%
Austinn Jones
0%
Austin Wonaeamirri
0%
Ayce Cordy
0%
Bachar Houli
0%
Bailey Banfield
0%
Bailey Laurie
0%
Bailey Rice
0%
Bailey Scott
0%
Barnaby French
0%
Barry Brooks
0%
Barry Standfield
0%
Bayley Fritsch
0%
Beau Maister
0%
Beau McDonald
0%
Beau Waters
0%
Ben Ainsworth
0%
Ben Beams
0%
Ben Cavarra
0%
Ben Crocker
0%
Ben Cunningham
0%
Ben Davies
0%
Ben Davis
0%
Ben Doolan
0%
Ben Eckermann
0%
Ben Griffiths
0%
Ben Harrison
0%
Ben Hart
0%
Ben Haynes
0%
Ben Hobbs
0%
Ben Hollands
0%
Ben Howlett
0%
Ben Hudson
0%
Ben Jacobs
0%
Ben Jarvis
0%
Ben Jolley
0%
Ben Kane
0%
Ben Keays
0%
Ben Kennedy
0%
Ben Kinnear
0%
Ben Lennon
0%
Ben Marsh
0%
Ben Mathews
0%
Ben McKay
0%
Ben McKinley
0%
Ben McNiece
0%
Ben Miller
0%
Ben Moore
0%
Ben Nelson
0%
Ben Newton
0%
Ben Paton
0%
Ben Reid
0%
Ben Robbins
0%
Ben Robertson
0%
Ben Ronke
0%
Ben Rutten
0%
Ben Schwarze
0%
Ben Sexton
0%
Ben Sinclair
0%
Ben Speight
0%
Ben Thompson
0%
Ben Walton
0%
Ben Warren
0%
Ben Wilson
0%
Bernie Vince
0%
Bigoa Nyuon
0%
Billie Smedts
0%
Bill Nicholls
0%
Billy Evans
0%
Billy Gowers
0%
Billy Hartung
0%
Billy Longer
0%
Billy Stretch
0%
Blaine Boekhorst
0%
Blaine Johnson
0%
Blake Acres
0%
Blake Campbell
0%
Blake Caracella
0%
Blake Drury
0%
Blake Grima
0%
Blake Hardwick
0%
Blake Howes
0%
Blayne Wilson
0%
Bowen Lockwood
0%
Boyd Woodcock
0%
Brad Bootsma
0%
Brad Boyd
0%
Brad Campbell
0%
Brad Cassidy
0%
Brad Davis
0%
Bradd Dalziell
0%
Brad Dodd
0%
Brad Fisher
0%
Brad Fox
0%
Brad Fuller
0%
Brad Green
0%
Brad Gwilliam
0%
Brad Hartman
0%
Brad Helbig
0%
Brad Howard
0%
Bradley Campbell
0%
Bradley Smith
0%
Brad Lynch
0%
Brad McKenzie
0%
Brad Miller
0%
Brad Murphy
0%
Brad Nicholson
0%
Brad Oborne
0%
Brad Pearce
0%
Brad Rowe
0%
Brad Scheer
0%
Brad Seymour
0%
Brad Sholl
0%
Brad Stephens
0%
Brad Tunbridge
0%
Brad Walsh
0%
Brad Wira
0%
Brady Anderson
0%
Brady Grey
0%
Brady Hough
0%
Brady Rawlings
0%
Braeden Campbell
0%
Brandan Parfitt
0%
Brandon Ellis
0%
Brandon Jack
0%
Brandon Matera
0%
Brandon Ryan
0%
Brandon Starcevich
0%
Brandon Walker
0%
Brandon White
0%
Brandon Zerk-Thatcher
0%
Brant Colledge
0%
Brayden Ainsworth
0%
Brayden Cook
0%
Brayden Crossley
0%
Brayden Fiorini
0%
Brayden Lyle
0%
Braydon Preuss
0%
Brendan Krummel
0%
Brendan Lee
0%
Brendan Parker
0%
Brendan Whitecross
0%
Brendon Ah Chee
0%
Brendon Feddema
0%
Brendon Fewster
0%
Brendon Gale
0%
Brendon Goddard
0%
Brendon Retzlaff
0%
Brennan Cox
0%
Brennan Stack
0%
Brent Frewen
0%
Brent Green
0%
Brent Grgic
0%
Brent Hall
0%
Brent Hartigan
0%
Brent Heaver
0%
Brent LeCras
0%
Brent Macaffer
0%
Brenton Klaebe
0%
Brenton Sanderson
0%
Brent Piltz
0%
Brent Prismall
0%
Brent Staker
0%
Brent Stanton
0%
Brent Tuckey
0%
Brent Williams
0%
Brett Backwell
0%
Brett Bewley
0%
Brett Burton
0%
Brett Chalmers
0%
Brett Chandler
0%
Brett Cook
0%
Brett Evans
0%
Brett Goodes
0%
Bret Thornton
0%
Brett Hungerford
0%
Brett James
0%
Brett Jones
0%
Brett Knowles
0%
Brett Meredith
0%
Brett Montgomery
0%
Brett Moyle
0%
Brett OFarrell
0%
Brett OHanlon
0%
Brett Page
0%
Brett Sholl
0%
Brett Spinks
0%
Brian Stanislaus
0%
Brian Stynes
0%
Brock OBrien
0%
Brodie Atkinson
0%
Brodie Holland
0%
Brodie Kemp
0%
Brodie Martin
0%
Brodie Moles
0%
Brodie Murdoch
0%
Bruce Lennon
0%
Bruce Lindsay
0%
Bryan Beinke
0%
Bryce Campbell
0%
Bryce Retzlaff
0%
Brynn Teakle
0%
Buku Khamis
0%
Byron Schammer
0%
Byron Sumner
0%
Cain Ackland
0%
Cain Liddle
0%
Caleb Graham
0%
Caleb Marchbank
0%
Caleb Mitchell
0%
Caleb Poulter
0%
Caleb Serong
0%
Caleb Windsor
0%
Cale Hooker
0%
Callan Beasy
0%
Callum Ah Chee
0%
Callum Brown
0%
Callum Chambers
0%
Callum Jamieson
0%
Callum Moore
0%
Callum Porter
0%
Callum Sinclair
0%
Callum Urch
0%
Callum Wilson
0%
Cam Ellis-Yolmen
0%
Cameron Delaney
0%
Cameron Faulkner
0%
Cameron Fleeton
0%
Cameron Hitchcock
0%
Cameron Howat
0%
Cameron Hunter
0%
Cameron OShea
0%
Cameron Pedersen
0%
Cameron Polson
0%
Cameron Richardson
0%
Cameron Roberts
0%
Cameron Shenton
0%
Cameron Thurley
0%
Cameron Venables
0%
Cameron Wight
0%
Cameron Wood
0%
Cam McCarthy
0%
Campbell Brown
0%
Campbell Chesser
0%
Campbell Heath
0%
Cam Sutcliffe
0%
Caolan Mooney
0%
Carl Steinfort
0%
Carter Michael
0%
Casey Sibosado
0%
Caydn Beetham
0%
Cedric Cox
0%
Chad Davis
0%
Chad Jones
0%
Chad Liddell
0%
Chad Morrison
0%
Chad Rintoul
0%
Changkuoth Jiath
0%
Charlie Ballard
0%
Charlie Constable
0%
Charlie Gardiner
0%
Charlie Lazzaro
0%
Charlie Spargo
0%
Chayce Jones
0%
Che Cockatoo-Collins
0%
Cheynee Stiller
0%
Chris Barrett
0%
Chris Bond
0%
Chris Curran
0%
Chris Dawes
0%
Chris Groom
0%
Chris Hemley
0%
Chris Hollow
0%
Chris Hyde
0%
Chris Johnson
0%
Chris Knights
0%
Chris Ladhams
0%
Chris Lamb
0%
Chris Mayne
0%
Chris McDermott
0%
Chris Naish
0%
Chris Newman
0%
Chris Obst
0%
Chris ODwyer
0%
Chris Oliver
0%
Chris Schmidt
0%
Chris Sullivan
0%
Chris Tarrant
0%
Christian Howard
0%
Christian Lister
0%
Christin Macri
0%
Christopher Hall
0%
Chris Waterson
0%
Ciaran Byrne
0%
Ciaran Sheehan
0%
Clancee Pearce
0%
Clark Keating
0%
Clay Cameron
0%
Claye Beams
0%
Clay Sampson
0%
Clay Smith
0%
Clayton Collard
0%
Clayton Hinkley
0%
Clayton Lamb
0%
Clem Smith
0%
Cleve Hughes
0%
Clint Bartram
0%
Clinton Jones
0%
Clinton King
0%
Clinton Shaw
0%
Clinton Wolf
0%
Cody Weightman
0%
Colin Garland
0%
Colin ORiordan
0%
Colm Begley
0%
Connor Ballenden
0%
Connor Blakely
0%
Connor Budarick
0%
Connor Idun
0%
Connor Menadue
0%
Connor West
0%
Conor McKenna
0%
Conor Stone
0%
Cooper Sharman
0%
Cooper Stephens
0%
Cooper Whyte
0%
Corey Bell
0%
Corey Durdin
0%
Corey Ellis
0%
Corey Gault
0%
Corey Jones
0%
Corey Maynard
0%
Corey Wagner
0%
Cory DellOlio
0%
Cory Gregson
0%
Cory McGrath
0%
Courtenay Dempsey
0%
Craig Biddiscombe
0%
Craig Bolton
0%
Craig Burrows
0%
Craig Callaghan
0%
Craig Ednie
0%
Craig Ellis
0%
Craig Jacotine
0%
Craig Moller
0%
Craig Nettelbeck
0%
Craig Smoker
0%
Craig Treleven
0%
Cristian OBrien
0%
Cruize Garlett
0%
Curtis Taylor
0%
Curtly Hampton
0%
Dale Baynes
0%
Dale Fleming
0%
Damen Shaw
0%
Damian Cupido
0%
Damian Hampson
0%
Damian Houlihan
0%
Damian Kitschke
0%
Damian Lang
0%
Damian Sexton
0%
Damian Squire
0%
Damien Adkins
0%
Damien Angove
0%
Damien Gaspar
0%
Damien Lock
0%
Damien McCormack
0%
Damien Murray
0%
Damien Peverill
0%
Damien Ryan
0%
Damon Greaves
0%
Damon White
0%
Dan Butler
0%
Daniel Archer
0%
Daniel Bell
0%
Daniel Bradshaw
0%
Daniel Connors
0%
Daniel Cross
0%
Daniel Currie
0%
Daniel Donati
0%
Daniel Dzufer
0%
Daniel Fletcher
0%
Daniel Foster
0%
Daniel Giansiracusa
0%
Daniel Gilmore
0%
Daniel Haines
0%
Daniel Hargraves
0%
Daniel Healy
0%
Daniel Jackson
0%
Daniel Lloyd
0%
Daniel Lowther
0%
Daniel McAlister
0%
Daniel McConnell
0%
Daniel McKenzie
0%
Daniel McPherson
0%
Daniel Menzel
0%
Daniel Merrett
0%
Daniel Metropolis
0%
Daniel Nicholls
0%
Daniel Nicholson
0%
Daniel Parker
0%
Daniel Pearce
0%
Daniel Schell
0%
Daniel Southern
0%
Daniel Turner
0%
Daniel Venables
0%
Daniel Ward
0%
Daniel Wulf
0%
Dan Nielson
0%
Danny Del-Re
0%
Danny Dickfos
0%
Danny Hughes
0%
Danny Meyer
0%
Danny Morgan
0%
Danny Morton
0%
Danny Noonan
0%
Danny OBrien
0%
Danny Roach
0%
Danny Stevens
0%
Dante Visentini
0%
Danyle Pearce
0%
Darcy Gardiner
0%
Darcy Lang
0%
Darcy Macpherson
0%
Darcy Tucker
0%
Darcy Wilmot
0%
Darel Hart
0%
Darragh Joyce
0%
Darren Bolton
0%
Darren Bourke
0%
Darren Bradshaw
0%
Darren Cuthbertson
0%
Darren Forssman
0%
Darren Glass
0%
Darren Holmes
0%
Darren Keighran
0%
Darren Kowal
0%
Darren Mead
0%
Darren Milburn
0%
Darren OBrien
0%
Darren Payne
0%
Darren Pfeiffer
0%
Darren Smith
0%
Darren Stanley
0%
Darren Tarczon
0%
Darren Walsh
0%
Darron Wilkinson
0%
Darryl Poole
0%
Darryl Wakelin
0%
Darryl White
0%
Darryl Wintle
0%
Daryl Griffin
0%
Daryn Cresswell
0%
David Antonowicz
0%
David Armitage
0%
David Astbury
0%
David Bourke
0%
David Brown
0%
David Calthorpe
0%
David Cockatoo-Collins
0%
David Cuningham
0%
David Donato
0%
David Ellard
0%
David Gallagher
0%
David Gourdis
0%
David Haynes
0%
David Hille
0%
David Hynes
0%
David Johnson
0%
David Loats
0%
David Mackay
0%
David Marshall
0%
David Mensch
0%
David Muir
0%
David Myers
0%
David Noble
0%
David Ogg
0%
David Pittman
0%
David Rodan
0%
David Round
0%
David Schwarz
0%
David Sierakowski
0%
David Spriggs
0%
David Teague
0%
David Trotter
0%
David Wearne
0%
David Welsby
0%
David Wojcinski
0%
Dawson Simpson
0%
Dean Greig
0%
Dean Harding
0%
Dean Howard
0%
Dean Irving
0%
Dean Kemp
0%
Dean Kent
0%
Dean Matthews
0%
Dean Solomon
0%
Dean Terlich
0%
Dean Towers
0%
Declan Keilty
0%
Declan Mountford
0%
Dennis Armfield
0%
Denver Grainger-Barras
0%
Derek Eggmolesse-Smith
0%
Derek Hall
0%
Derek Murray
0%
Derek Wirth
0%
Derick Wanganeen
0%
Dermot McNicholl
0%
Deven Robertson
0%
Digby Morrell
0%
Dion Miles
0%
Dion Myles
0%
Dion Prestia
0%
Dion Scott
0%
Dion Woods
0%
Djaran Whyman
0%
Dom Barry
0%
Domenic Berry
0%
Domenic Cassisi
0%
Dominic Bedendo
0%
Dom Tyson
0%
Donald Dickie
0%
Don Cockatoo-Collins
0%
Doug Bailey
0%
Doulton Langlands
0%
Duncan Kellaway
0%
Dwayne Griffin
0%
Dwayne Simpson
0%
Dylan Addison
0%
Dylan Buckley
0%
Dylan McLaren
0%
Dylan Roberton
0%
Dylan Smith
0%
Dylan Stephens
0%
Dylan van Unen
0%
Dyson Heppell
0%
Ed Barlow
0%
Eddie Ford
0%
Eddie Hocking
0%
Eddie Sansbury
0%
Ed Langdon
0%
Ed Lower
0%
Ed Phillips
0%
Ed Vickers-Willis
0%
Elijah Hollands
0%
Elijah Taylor
0%
Elijah Tsatas
0%
Elijah Ware
0%
Eli Templeton
0%
Elliott Himmelberg
0%
Elliott Kavanagh
0%
Eric Hipwood
0%
Eric Lissenden
0%
Eric Mackenzie
0%
Esava Ratugolea
0%
Ethan Hughes
0%
Ethan Stanley
0%
Evan Hewitt
0%
Ewan Thompson
0%
Ezra Poyas
0%
Fabian Deluca
0%
Fabian Francis
0%
Farren Ray
0%
Fergus Greene
0%
Fergus Watts
0%
Fischer McAsey
0%
Flynn Appleby
0%
Flynn Perez
0%
Francis Watson
0%
Frank Bizzotto
0%
Frankie Raso
0%
Fraser McInnes
0%
Frazer Dale
0%
Fred Campbell
0%
Gareth John
0%
Garrick Ibbotson
0%
Garry Phillips
0%
Garth Taylor
0%
Gary Barrow
0%
Gary Dhurrkay
0%
Gary Moorcroft
0%
Gary Stevens
0%
Gavin McMahon
0%
Gavin Mitchell
0%
Gavin Rose
0%
Gavin Urquhart
0%
George Burbury
0%
George Horlin-Smith
0%
Gerald Ugle
0%
Gerrard Bennett
0%
Gerrick Weedon
0%
Gilbert McAdam
0%
Glen Coghlan
0%
Glenn Freeborn
0%
Glenn Gorman
0%
Glenn Kilpatrick
0%
Glenn Manton
0%
Glenn Molloy
0%
Glenn Nugent
0%
Glenn Sandford
0%
Graham Johncock
0%
Grant Tanner
0%
Greg Bentley
0%
Greg Broughton
0%
Greg Clark
0%
Greg Doyle
0%
Greg Harding
0%
Greg Jones
0%
Gregory Whittlesea
0%
Greg Stafford
0%
Greg Tivendale
0%
Griffin Logue
0%
Guy Rigoni
0%
Hamish McIntosh
0%
Hamish Simpson
0%
Harley Balic
0%
Harley Bennell
0%
Harrison Macreadie
0%
Harrison Marsh
0%
Harry Barnett
0%
Harry Edwards
0%
Harry Himmelberg
0%
Harry Jones
0%
Harry McKay
0%
Harry Morrison
0%
Harry Perryman
0%
Harry Rowston
0%
Harry Schoenberg
0%
Harvey Gallagher
0%
Harvey Thomas
0%
Hayden Ballantyne
0%
Hayden Crozier
0%
Hayden Jolly
0%
Hayden Lamaro
0%
Hayden McLean
0%
Hayden Skipworth
0%
Haydn Robins
0%
Haydon Kilmartin
0%
Heath Black
0%
Heath Chapman
0%
Heath Culpitt
0%
Heath Hocking
0%
Heath James
0%
Heath Scotland
0%
Henry Playfair
0%
Henry Schade
0%
Henry Slattery
0%
Heritier Lumumba
0%
Hewago Oea
0%
Hugh Beasley
0%
Hugh Dixon
0%
Hugh Greenwood
0%
Hugh McCluggage
0%
Hugo Ralphsmith
0%
Hunter Clark
0%
Ian Callinan
0%
Ian Downsborough
0%
Ian Kidgell
0%
Ian Perrie
0%
Ian Prendergast
0%
Ilija Grgic
0%
Irving Mosquito
0%
Isaac Chugg
0%
Isaac Cumming
0%
Isaac Weetra
0%
Isiah Winder
0%
Israel Folau
0%
Ivan Maric
0%
Ivan Soldo
0%
Jace Bode
0%
Jack Billings
0%
Jack Bowes
0%
Jack Buller
0%
Jack Bytel
0%
Jack Carroll
0%
Jack Graham
0%
Jack Hannath
0%
Jack Hiscox
0%
Jack Hombsch
0%
Jack Hutchins
0%
Jack Leslie
0%
Jack Lukosius
0%
Jack Madgen
0%
Jack Mahony
0%
Jack Martin
0%
Jack Newnes
0%
Jack Payne
0%
Jack Peris
0%
Jack Petruccelle
0%
Jack Redden
0%
Jack Saunders
0%
Jack Silvagni
0%
Jack Sinclair
0%
Jackson Allen
0%
Jackson Ferguson
0%
Jackson Hately
0%
Jackson Mead
0%
Jackson Merrett
0%
Jackson Nelson
0%
Jackson Paine
0%
Jackson Ramsay
0%
Jackson Sheringham
0%
Jackson Thurlow
0%
Jackson Trengove
0%
Jack Trengove
0%
Jack Viney
0%
Jack Williams
0%
Jacob Allison
0%
Jacob Anstey
0%
Jacob Ballard
0%
Jacob Bauer
0%
Jacob Brennan
0%
Jacob Dawson
0%
Jacob Gillbee
0%
Jacob Heron
0%
Jacob Schuback
0%
Jacob Surjan
0%
Jacob van Rooyen
0%
Jacob Wehr
0%
Jade Gresham
0%
Jaden McGrath
0%
Jai Culley
0%
Jake Aarts
0%
Jake Barrett
0%
Jake Batchelor
0%
Jake Bowey
0%
Jake Carlisle
0%
Jake Edwards
0%
Jake Florenca
0%
Jake Kelly
0%
Jake King
0%
Jake Kolodjashnij
0%
Jake Long
0%
Jake Melksham
0%
Jake Neade
0%
Jake Riccardi
0%
Jake Soligo
0%
Jake Spencer
0%
Jake Stein
0%
Jake Stringer
0%
Jake Waterman
0%
Jamaine Jones
0%
Jamarra Ugle-Hagan
0%
James Aish
0%
James Bell
0%
James Blanck
0%
James Borlase
0%
James Byrne
0%
James Clement
0%
James Cook
0%
James Davies
0%
James Ezard
0%
James Gallagher
0%
James Gowans
0%
James Hawksley
0%
James Jordon
0%
James Madden
0%
James Magner
0%
James McLure
0%
James Meiklejohn
0%
James Mulligan
0%
James ODonnell
0%
James Parsons
0%
James Peatling
0%
James Polkinghorne
0%
James Rahilly
0%
James Rose
0%
James Rowe
0%
James Sellar
0%
James Strauss
0%
James Thiessen
0%
James Trezise
0%
James Tsitas
0%
James Tunstill
0%
James Walker
0%
James Wasley
0%
James White
0%
Jamie Bennell
0%
Jamie Bond
0%
Jamie Charman
0%
Jamie Grant
0%
Jamie Lawson
0%
Jamie Macmillan
0%
Jamie McNamara
0%
Jamie Merillo
0%
Jamie OReilly
0%
Jamie Shanahan
0%
Jamie Tape
0%
Jared Brennan
0%
Jared Crouch
0%
Jared Petrenko
0%
Jared Polec
0%
Jared Poulton
0%
Jared Rivers
0%
Jarrad Boumann
0%
Jarrad Grant
0%
Jarrad Irons
0%
Jarrad Jansen
0%
Jarrad McVeigh
0%
Jarrad Oakley-Nicholls
0%
Jarrad Schofield
0%
Jarrad Sundqvist
0%
Jarred Moore
0%
Jarrhan Jacky
0%
Jarrod Atkinson
0%
Jarrod Berry
0%
Jarrod Brander
0%
Jarrod Cameron
0%
Jarrod Cotton
0%
Jarrod Garlett
0%
Jarrod Harbrow
0%
Jarrod Kayler-Thomson
0%
Jarrod Lienert
0%
Jarrod Molloy
0%
Jarrod Silvester
0%
Jarryd Allen
0%
Jarryd Blair
0%
Jarryd Lyons
0%
Jarryn Geary
0%
Jaryd Cachia
0%
Jason Ashby
0%
Jason Bevan
0%
Jason Blake
0%
Jason Carter
0%
Jason Cripps
0%
Jason Daniltchenko
0%
Jason Davenport
0%
Jason Heatley
0%
Jason Holmes
0%
Jason Johannisen
0%
Jason Johnson
0%
Jason Laycock
0%
Jason McCartney
0%
Jason Millar
0%
Jason Norrish
0%
Jason Porplyzia
0%
Jason Ramsey
0%
Jason Roe
0%
Jason Snell
0%
Jason Torney
0%
Jason Traianidis
0%
Jason Tutt
0%
Jason Watts
0%
Jason Wild
0%
Jason Winderlich
0%
Jaxon Crabb
0%
Jaxon Prior
0%
Jaxson Barham
0%
Jay Burton
0%
Jayden Attard
0%
Jayden Hunt
0%
Jayden Laverde
0%
Jayden Pitt
0%
Jayden Post
0%
Jayden Schofield
0%
Jayden Short
0%
Jay Kennedy Harris
0%
Jaymie Graham
0%
Jay Nash
0%
Jay Neagle
0%
Jay Rantall
0%
Jed Bews
0%
Jed Lamb
0%
Jed McEntee
0%
Jed Walter
0%
Jeff Bruce
0%
Jeff Garlett
0%
Jeff Hilton
0%
Jeremy Clayton
0%
Jeremy Finlayson
0%
Jeremy Guard
0%
Jeremy Humm
0%
Jeremy Laidler
0%
Jeremy Sharp
0%
Jeremy Smith
0%
Jeremy Taylor
0%
Jeromey Webberley
0%
Jesse Crichton
0%
Jesse Joyce
0%
Jesse Lonergan
0%
Jesse OBrien
0%
Jesse Palmer
0%
Jesse Smith
0%
Jesse Stringer
0%
Jesse White
0%
Jess Sinclair
0%
Jimmy Toumpas
0%
Jimmy Webster
0%
Jim Plunkett
0%
Jim West
0%
Jody Arnol
0%
Joe Anderson
0%
Joe Atley
0%
Joel Amartey
0%
Joel Bowden
0%
Joel Garner
0%
Joel Jeffrey
0%
Joel McKay
0%
Joel Patfull
0%
Joel Perry
0%
Joel Western
0%
Joel Wilkinson
0%
John Baird
0%
John Barnett
0%
John Butcher
0%
John Cunningham
0%
John Cuzzupe
0%
John Georgiou
0%
John Hinge
0%
John Hutton
0%
John Hynes
0%
John Klug
0%
John McCarthy
0%
John Meesen
0%
John Parker
0%
John Rombotis
0%
John Spaull
0%
John Stevens
0%
John Williams
0%
Jonathan Brown
0%
Jonathan Freeman
0%
Jonathan Giles
0%
Jonathan Hay
0%
Jonathan ORourke
0%
Jonathan Ross
0%
Jonathan Simpkin
0%
Jonathan Solomon
0%
Jonathon Beech
0%
Jonathon Griffin
0%
Jonathon Marsh
0%
Jonathon McCormick
0%
Jonathon Robran
0%
Jon Ballantyne
0%
Jon Hassall
0%
Jordan Bannister
0%
Jordan Boyd
0%
Jordan Cunico
0%
Jordan Doering
0%
Jordan Foote
0%
Jordan Gallucci
0%
Jordan Gysberts
0%
Jordan McMahon
0%
Jordan Murdoch
0%
Jordan Russell
0%
Jordan Schroder
0%
Jordon Bourke
0%
Jordon Butts
0%
Jordon Sweet
0%
Joseph Daye
0%
Josh Begley
0%
Josh Bootsma
0%
Josh Caddy
0%
Josh Carr
0%
Josh Clayton
0%
Josh Corbett
0%
Josh Cowan
0%
Josh Deluca
0%
Josh Draper
0%
Josh Dyson
0%
Josh Fahey
0%
Josh Fraser
0%
Josh Glenn
0%
Josh Goater
0%
Josh Hall
0%
Josh Head
0%
Josh Hill
0%
Josh Honey
0%
Josh Hunt
0%
Josh Jenkins
0%
Josh Mahoney
0%
Josh Mellington
0%
Josh Morris
0%
Josh Prudden
0%
Josh Rotham
0%
Josh Schache
0%
Josh Schoenfeld
0%
Josh Simpson
0%
Josh Sinn
0%
Josh Thewlis
0%
Josh Toy
0%
Josh Tynan
0%
Joshua Kitchen
0%
Joshua Mail
0%
Josh Wagner
0%
Josh Walker
0%
Josh Williams
0%
Josh Wooden
0%
Judd Lalich
0%
Judd McVee
0%
Jude Bolton
0%
Julian Kirzner
0%
Julian Rowe
0%
Justin Bollenhagen
0%
Justin Cicolella
0%
Justin Clarke
0%
Justin Clarkson
0%
Justin Crow
0%
Justin Davies
0%
Justin Leppitsch
0%
Justin Longmuir
0%
Justin McGrath
0%
Justin McInerney
0%
Justin Murphy
0%
Justin Peckett
0%
Justin Perkins
0%
Justin Plapp
0%
Justin Sherman
0%
Justin Staritski
0%
Justin Sweeney
0%
Justin Wood
0%
Jye Amiss
0%
Jye Menzie
0%
Jy Farrar
0%
Kade Chandler
0%
Kade Kolodjashnij
0%
Kaiden Brand
0%
Kai Lohmann
0%
Kaine Baldwin
0%
Kallan Dawson
0%
Kane Farrell
0%
Kane Fraser
0%
Kane Lambert
0%
Kane Lucas
0%
Kane Munro
0%
Kane Tenace
0%
Karl Norman
0%
Karl Worner
0%
Karmichael Hunt
0%
Kayle Kirby
0%
Kayne Pettifer
0%
Kayne Turner
0%
Keegan Brooksby
0%
Keenan Reynolds
0%
Keidean Coleman
0%
Kelvin Moore
0%
Ken Hall
0%
Ken McGregor
0%
Kent Butcher
0%
Kent Kingsley
0%
Keren Ugle
0%
Kevin Dyson
0%
Kieran Collins
0%
Kieran Harper
0%
Kieran McGuinness
0%
Kieran Strachan
0%
Kieren Jack
0%
Kirk Ugle
0%
Kobe Mutch
0%
Koby Stevens
0%
Kristian Bardsley
0%
Kristian Jaksch
0%
Kristin Thornton
0%
Kurt Aylett
0%
Kurt Heatherley
0%
Kurt Mutimer
0%
Kyal Horsley
0%
Kyle Dunkley
0%
Kyle Hardingham
0%
Kyle Langford
0%
Kyle Reimers
0%
Kym Koster
0%
Kym Russell
0%
Kyron Hayden
0%
Lachie Fogarty
0%
Lachie Hunter
0%
Lachie Jones
0%
Lachie Plowman
0%
Lachie Weller
0%
Lachie Young
0%
Lachlan Cowan
0%
Lachlan Gollant
0%
Lachlan Hansen
0%
Lachlan Hosie
0%
Lachlan Keeffe
0%
Lachlan McAndrew
0%
Lachlan McNeil
0%
Lachlan Murphy
0%
Lachlan Ross
0%
Lachlan Sholl
0%
Laitham Vandermeer
0%
Lance Collard
0%
Lance Picioane
0%
Lauchlan Dalgleish
0%
Laurence Angwin
0%
Laurence Schache
0%
Laurie Bellotti
0%
Leek Aleer
0%
Lee Spurr
0%
Lee Walker
0%
Leigh Adams
0%
Leigh Brockman
0%
Leigh Capsalis
0%
Leigh Colbert
0%
Leigh Fisher
0%
Leigh Harding
0%
Leigh Newton
0%
Leigh Osborne
0%
Leigh Ryswyk
0%
Leigh Wardell-Johnson
0%
Leigh Willison
0%
Leo Connolly
0%
Leon Cameron
0%
Leroy Jetta
0%
Levi Casboult
0%
Lewis Johnston
0%
Lewis Melican
0%
Lewis Pierce
0%
Lewis Roberts-Thomson
0%
Lewis Stevenson
0%
Lewis Taylor
0%
Lewis Young
0%
Liam Anthony
0%
Liam Baker
0%
Liam Dawson
0%
Liam McBean
0%
Liam Sumner
0%
Lincoln McCarthy
0%
Linden Stevens
0%
Lindsay Gilbee
0%
Lindsay Smith
0%
Lindsay Thomas
0%
Lin Jong
0%
Lionel Proctor
0%
Llane Spaanderman
0%
Lloyd Johnston
0%
Lloyd Meek
0%
Lochie OBrien
0%
Logan Austin
0%
Logan McDonald
0%
Louis Butler
0%
Lucas Herbert
0%
Lukas Markovic
0%
Lukas Webb
0%
Luke Blackwell
0%
Luke Brennan
0%
Luke Brown
0%
Luke Cleary
0%
Luke Dahlhaus
0%
Luke Davies-Uniacke
0%
Luke Delaney
0%
Luke Donald
0%
Luke Dunstan
0%
Luke Edwards
0%
Luke Foley
0%
Luke Godden
0%
Luke Jericho
0%
Luke McGuane
0%
Luke Miles
0%
Luke Mitchell
0%
Luke Mullins
0%
Luke Nankervis
0%
Luke Norman
0%
Luke Ottens
0%
Luke Parks
0%
Luke Partington
0%
Luke Pedlar
0%
Luke Penny
0%
Luke Pratt
0%
Luke Rounds
0%
Luke Russell
0%
Luke Shackleton
0%
Luke Strnadica
0%
Luke Tapscott
0%
Luke Toia
0%
Luke Webster
0%
Luke Weller
0%
Luke Williams
0%
Lynden Dunn
0%
Mackenzie Willis
0%
Majak Daw
0%
Malcolm Karpany
0%
Malcolm Lynch
0%
Malcolm Rosas
0%
Mal Michael
0%
Marc Dragicevic
0%
Marco Paparone
0%
Marc Sheather
0%
Marcus Adams
0%
Marcus Allan
0%
Marcus Baldwin
0%
Marcus Bullen
0%
Marcus Davies
0%
Marcus Drum
0%
Marcus Marigliani
0%
Marcus Seecamp
0%
Marcus White
0%
Marc Woolnough
0%
Mark Alvey
0%
Mark Attard
0%
Mark Austin
0%
Mark Baguley
0%
Mark Bickley
0%
Mark Blake
0%
Mark Bolton
0%
Mark Bradly
0%
Mark Brayshaw
0%
Mark Bunn
0%
Mark Chaffey
0%
Mark Conway
0%
Mark Fraser
0%
Mark Gale
0%
Mark Harwood
0%
Mark Hilton
0%
Mark Jamar
0%
Mark Johnson
0%
Mark Kennedy
0%
Mark Kinnear
0%
Mark McGough
0%
Mark McQueen
0%
Mark McVeigh
0%
Mark Merenda
0%
Mark Neeld
0%
Mark Nicoski
0%
Mark OConnor
0%
Mark Orchard
0%
Mark Pitura
0%
Mark Porter
0%
Mark Powell
0%
Mark Richardson
0%
Mark Seaby
0%
Mark Stevens
0%
Mark Viska
0%
Mark West
0%
Mark Whiley
0%
Marley Williams
0%
Martin Clarke
0%
Martin Frederick
0%
Martin Gleeson
0%
Martin Heffernan
0%
Martin Heppell
0%
Martin McGrath
0%
Martin McKinnon
0%
Martin Pask
0%
Martin Whitelaw
0%
Marty Hore
0%
Marty Warry
0%
Mason Wood
0%
Massimo DAmbrosio
0%
Mathew Capuano
0%
Mathew Mahoney
0%
Mathew Stokes
0%
Mattaes Phillipou
0%
Matt Arnot
0%
Matt Austin
0%
Matt Buntine
0%
Matt Campbell
0%
Matt Clape
0%
Matt de Boer
0%
Matt Eagles
0%
Matt Guelfi
0%
Matthew AhMat
0%
Matthew Ball
0%
Matthew Banks
0%
Matthew Bishop
0%
Matthew Boyd
0%
Matthew Broadbent
0%
Matthew Burton
0%
Matthew Carr
0%
Matthew Clucas
0%
Matthew Collins
0%
Matthew Connell
0%
Matthew Cottrell
0%
Matthew Coulthard
0%
Matthew Croft
0%
Matthew Dennis
0%
Matthew Dick
0%
Matthew Dundas
0%
Matthew Febey
0%
Matthew Ferguson
0%
Matthew Francis
0%
Matthew Golding
0%
Matthew Goodyear
0%
Matthew Hammelmann
0%
Matthew Jackson
0%
Matthew Jaensch
0%
Matthew Johnson
0%
Matthew Kelly
0%
Matthew Kennedy
0%
Matthew Kluzek
0%
Matthew Laidlaw
0%
Matthew Liptak
0%
Matthew Little
0%
Matthew Manfield
0%
Matthew Mansfield
0%
Matthew McCarthy
0%
Matthew ODwyer
0%
Matthew Owies
0%
Matthew Parker
0%
Matthew Powell
0%
Matthew Robbins
0%
Matthew Rogers
0%
Matthew Spencer
0%
Matthew Taberner
0%
Matthew Watson
0%
Matthew Westhoff
0%
Matthew Wright
0%
Matthew Young
0%
Matt Jones
0%
Matt Ling
0%
Matt McDonough
0%
Matt Riggio
0%
Matt Roberts
0%
Matt Rosa
0%
Matt Scharenberg
0%
Matt Shaw
0%
Matt Suckling
0%
Matt Thomas
0%
Maverick Weller
0%
Max Duffy
0%
Max Holmes
0%
Max Hudghton
0%
Max Michalanney
0%
Max Ramsden
0%
Max Rooke
0%
Max Spencer
0%
Max Warren
0%
Michael Apeness
0%
Michael Braun
0%
Michael Brown
0%
Michael Clark
0%
Michael Close
0%
Michael Coad
0%
Michael Doughty
0%
Michael Dunstan
0%
Michael Evans
0%
Michael Firrito
0%
Michael Frost
0%
Michael Gardiner
0%
Michael Gibbons
0%
Michael Gurrie
0%
Michael Hartley
0%
Michael Hibberd
0%
Michael Hurley
0%
Michael James
0%
Michael Johnson
0%
Michael Johnston
0%
Michael Luxford
0%
Michael Mansfield
0%
Michael Martin
0%
Michael Newton
0%
Michael OBrien
0%
Michael OLoughlin
0%
Michael Pettigrew
0%
Michael Polley
0%
Michael Prior
0%
Michael Quinn
0%
Michael Rischitelli
0%
Michael Rix
0%
Michael Ross
0%
Michael Sexton
0%
Michael Stevens
0%
Michael Symons
0%
Michael Warren
0%
Michael Wilson
0%
Mike Pyke
0%
Mitch Brown
0%
Mitch Clisby
0%
Mitch Crowden
0%
Mitchell Banner
0%
Mitchell Hibberd
0%
Mitchell White
0%
Mitch Farmer
0%
Mitch Golby
0%
Mitch Grigg
0%
Mitch Hinge
0%
Mitch Honeychurch
0%
Mitch Knevitt
0%
Mitch Lewis
0%
Mitch Owens
0%
Mitch Wallis
0%
Mitch White
0%
Murray Newman
0%
Murray Vance
0%
Myke Cook
0%
Mykelti Lefau
0%
Myles Poholke
0%
Nakia Cockatoo
0%
Nathan Bassett
0%
Nathan Blee
0%
Nathan Bower
0%
Nathan Brown
0%
Nathan Chapman
0%
Nathan Clarke
0%
Nathan Djerrkura
0%
Nathan Drummond
0%
Nathan Foley
0%
Nathan Freeman
0%
Nathan Gordon
0%
Nathan Grima
0%
Nathan Hrovat
0%
Nathan Irvin
0%
Nathan Krakouer
0%
Nathan ODriscoll
0%
Nathan OKeefe
0%
Nathan Saunders
0%
Nathan Steinberner
0%
Nathan Wilson
0%
Nathan Wright
0%
Ned Cahill
0%
Ned McHenry
0%
Ned Moyle
0%
Neil Brunton
0%
Neil Erasmus
0%
Neil Marshall
0%
Neil Mildenhall
0%
Niall McKeever
0%
Nicholas Beardsley
0%
Nicholas Bruton
0%
Nicholas Stone
0%
Nick Blakey
0%
Nick Bryan
0%
Nick Carter
0%
Nick Coffield
0%
Nick Duigan
0%
Nick Graham
0%
Nick Hanson
0%
Nick Haynes
0%
Nick Hider
0%
Nick Jewell
0%
Nick Kommer
0%
Nick Lower
0%
Nick Maxwell
0%
Nick Mitchell
0%
Nick Murray
0%
Nick OBrien
0%
Nick Pesch
0%
Nick Robertson
0%
Nick Salter
0%
Nick Shipley
0%
Nick Trask
0%
Nick Watson
0%
Nick Winmar
0%
Nic Newman
0%
Nic Reid
0%
Nigel Fiegert
0%
Nigel Lappin
0%
Nigel Palfreyman
0%
Nigel Smart
0%
Nik Cox
0%
Noah Answerth
0%
Noah Cumberland
0%
Oisin Mullin
0%
Oliver Dempsey
0%
Oliver Florent
0%
Oliver Hanrahan
0%
Oliver Hollands
0%
Ollie Lord
0%
Orazio Fantasia
0%
Orren Stephenson
0%
Oscar Clavarino
0%
Oscar McDonald
0%
Oskar Baker
0%
Pat Kerr
0%
Pat McCarthy
0%
Patrick Ambrose
0%
Patrick Bowden
0%
Patrick Karnezis
0%
Patrick McGinnity
0%
Patrick Naish
0%
Patrick Parnell
0%
Patrick Veszpremi
0%
Patrick Wiggins
0%
Patrick Wilson
0%
Paul Ahern
0%
Paul Atkins
0%
Paul Bevan
0%
Paul Bower
0%
Paul Brown
0%
Paul Bulluss
0%
Paul Chambers
0%
Paul Cooper
0%
Paul Corrigan
0%
Paul Dimattina
0%
Paul Dooley
0%
Paul Duffield
0%
Paul Evans
0%
Paul Geister
0%
Paul Gow
0%
Paul Hasleby
0%
Paul Hills
0%
Paul Hopgood
0%
Paul Hudson
0%
Paul Hunter
0%
Paul Kelly
0%
Paul Koulouriotis
0%
Paul Licuria
0%
Paul Lindsay
0%
Paul Lynch
0%
Paul Maher
0%
Paul McCormack
0%
Paul Patterson
0%
Paul Prymke
0%
Paul Rouvray
0%
Paul Seedsman
0%
Paul Sharkey
0%
Paul Starbuck
0%
Paul Symmons
0%
Paul Thomas
0%
Paul Wynd
0%
Pearce Hanley
0%
Peter Berbakov
0%
Peter Bird
0%
Peter Burgoyne
0%
Peter Caven
0%
Peter Cransberg
0%
Peter Doyle
0%
Peter Faulks
0%
Peter Filandia
0%
Peter Green
0%
Peter Ladhams
0%
Peter Mann
0%
Peter Matera
0%
Peter McIntyre
0%
Peter Miller
0%
Peter Quill
0%
Peter Riccardi
0%
Peter Street
0%
Peter Turner
0%
Peter Vardy
0%
Peter Walsh
0%
Peter Worsfold
0%
Peter Yagmoor
0%
Phil Gilbert
0%
Phillip Matera
0%
Phillip Murton
0%
Phillip Read
0%
Phoenix Spicer
0%
Piers Flanagan
0%
Quenton Leach
0%
Quinten Lynch
0%
Quinton Narkle
0%
Randall Bone
0%
Raphael Clarke
0%
Ray Hall
0%
Ray Windsor
0%
Reece Conca
0%
Reilly OBrien
0%
Reuben William
0%
Rex Liddy
0%
Rhan Hooper
0%
Rhett Bazzo
0%
Rhett Biglands
0%
Rhyce Shaw
0%
Rhys Cooyou
0%
Rhys Mathieson
0%
Rhys OKeeffe
0%
Rhys Palmer
0%
Richard Ambrose
0%
Richard Champion
0%
Richard Cole
0%
Richard Douglas
0%
Richard Umbers
0%
Ricky Dyson
0%
Ricky Mott
0%
Ricky Olarenshaw
0%
Ricky OLoughlin
0%
Ricky Petterd
0%
Riley Bonner
0%
Riley Collier-Dawkins
0%
Riley Knight
0%
Roarke Smith
0%
Robbie McComb
0%
Robbie Tarrant
0%
Robert AhMat
0%
Robert Campbell
0%
Robert Copeland
0%
Robert Cummings
0%
Robert Di Rosa
0%
Robert Forster-Knight
0%
Robert Haddrill
0%
Robert Hansen
0%
Robert Hickmott
0%
Robert Hicks
0%
Robert McMahon
0%
Robert Murphy
0%
Robert Neill
0%
Robert Powell
0%
Robert Pyman
0%
Robert Schaefer
0%
Robert Stevenson
0%
Robert Thompson
0%
Robert Walker
0%
Robert West
0%
Robin Nahas
0%
Rod Jameson
0%
Rod Keogh
0%
Rodney Maynard
0%
Roger Delaney
0%
Roger Hayden
0%
Roger James
0%
Rohan Bail
0%
Rohan Bewick
0%
Rohan Smith
0%
Rohan Welsh
0%
Romano Negri
0%
Ron De Iulio
0%
Ronin OConnor
0%
Ronnie Burns
0%
Rory Atkins
0%
Rory Hilton
0%
Rory Thompson
0%
Ross Funcke
0%
Ross Young
0%
Rowan Jones
0%
Rowan Warfe
0%
Royce Vardy
0%
Rudi Frigo
0%
Rupert Betheras
0%
Rupert Wills
0%
Russell Merriman
0%
Russell Robertson
0%
Russell Williams
0%
Ryan Abbott
0%
Ryan Angwin
0%
Ryan Bastinac
0%
Ryan Brabazon
0%
Ryan Byrnes
0%
Ryan Clarke
0%
Ryan Cook
0%
Ryan Crowley
0%
Ryan Davis
0%
Ryan Ferguson
0%
Ryan Fitzgerald
0%
Ryan Gamble
0%
Ryan Gardner
0%
Ryan Garthwaite
0%
Ryan Hargrave
0%
Ryan Harwood
0%
Ryan Houlihan
0%
Ryan Jackson
0%
Ryan Lester
0%
Ryan Maric
0%
Ryan Murphy
0%
Ryan Neates
0%
Ryan Nyhuis
0%
Ryan OConnor
0%
Ryan Pagan
0%
Ryan Turnbull
0%
Ryan Williams
0%
Ryan Willits
0%
Ryley Dunn
0%
Ryley Sanders
0%
Ryley Stoddart
0%
Sam Berry
0%
Sam Blease
0%
Sam Butler
0%
Sam Colquhoun
0%
Sam Cranage
0%
Sam Darley
0%
Sam Dunell
0%
Sam Durdin
0%
Sam Fisher
0%
Sam Gibson
0%
Sam Gilbert
0%
Sam Gray
0%
Sam Grimley
0%
Sam Hunt
0%
Sam Iles
0%
Sam Jones
0%
Sam Kerridge
0%
Sam Lloyd
0%
Sam Lonergan
0%
Sam Mayes
0%
Sam McFarlane
0%
Sam Menegola
0%
Sam Michael
0%
Sam Murray
0%
Sam Naismith
0%
Sam Petrevski-Seton
0%
Sam Phillipou
0%
Sam Philp
0%
Sam Power
0%
Sam Reid
0%
Sam Rowe
0%
Sam Schulz
0%
Sam Shaw
0%
Sam Sheldon
0%
Sam Simpson
0%
Sam Skinner
0%
Sam Smart
0%
Samson Ryan
0%
Sam Sturt
0%
Sam Weideman
0%
Sam Wicks
0%
Sam Wright
0%
Scott Allen
0%
Scott Bamford
0%
Scott Bassett
0%
Scott Bennett
0%
Scott Burns
0%
Scott Camporeale
0%
Scott Chisholm
0%
Scott Clouston
0%
Scott Crow
0%
Scott Cummings
0%
Scott Direen
0%
Scott Edwards
0%
Scott Freeborn
0%
Scott Gumbleton
0%
Scott Harding
0%
Scott Hodges
0%
Scott Jones
0%
Scott Lee
0%
Scott McMahon
0%
Scott Russell
0%
Scott Simister
0%
Scott Spalding
0%
Scott Stevens
0%
Scott Taylor
0%
Scott Thornton
0%
Scott Turner
0%
Seamus Mitchell
0%
Sean Bowden
0%
Sean Charles
0%
Sean Darcy
0%
Sean OKeeffe
0%
Sean Rusling
0%
Sean Tasker
0%
Sedat Sir
0%
Setanta OhAilpin
0%
Shai Bolton
0%
Shane Biggs
0%
Shane Birss
0%
Shane Bond
0%
Shane Burgmann
0%
Shane Clayton
0%
Shane Crothers
0%
Shane Edwards
0%
Shane Ellen
0%
Shane Fell
0%
Shane Harvey
0%
Shane Hodges
0%
Shane Kersten
0%
Shane McAdam
0%
Shane OBree
0%
Shane Parker
0%
Shane Sikora
0%
Shane Strempel
0%
Shane Tongerie
0%
Shane Valenti
0%
Shane Wakelin
0%
Shane Watson
0%
Shane Woewodin
0%
Shannon Byrnes
0%
Shannon Corcoran
0%
Shannon Gibson
0%
Shannon Grant
0%
Shannon Hurn
0%
Shannon Rusca
0%
Shannon Watt
0%
Sharrod Wellingham
0%
Shaun Atley
0%
Shaun Edwards
0%
Shaun Hampson
0%
Shaun Hart
0%
Shaun McManus
0%
Shawn Lewfatt
0%
Shayne Breuer
0%
Shayne Smith
0%
Shayne Stevenson
0%
Simon Arnott
0%
Simon Buckley
0%
Simon Crawshay
0%
Simon Dennis
0%
Simon Eastaugh
0%
Simon Feast
0%
Simon Fletcher
0%
Simon Garlick
0%
Simon Godfrey
0%
Simon Hawking
0%
Simon Luhrs
0%
Simon Phillips
0%
Simon Prestigiacomo
0%
Simon Tregenza
0%
Simon Tunbridge
0%
Simon White
0%
Simon Wiggins
0%
Spencer White
0%
Stefan Carey
0%
Stefan Giro
0%
Stephen Anderson
0%
Stephen Carter
0%
Stephen Daniels
0%
Stephen Edgar
0%
Stephen Hooper
0%
Stephen Jurica
0%
Stephen Kenna
0%
Stephen Oliver
0%
Stephen OReilly
0%
Stephen Patterson
0%
Stephen Paxman
0%
Stephen Powell
0%
Stephen Rowe
0%
Stephen Ryan
0%
Stephen Schwerdt
0%
Stephen Tiller
0%
Stephen Wearne
0%
Stephen Wrigley
0%
Steve Clifton
0%
Steven Baker
0%
Steven Brosnan
0%
Steven Browne
0%
Steven Cummings
0%
Steven Dodd
0%
Steven Hamilton
0%
Steven Handley
0%
Steven Koops
0%
Steven Kretiuk
0%
Steven Lawrence
0%
Steven McKee
0%
Steven McLuckie
0%
Steven Morris
0%
Steven Pitt
0%
Steven Sziller
0%
Stewart Crameri
0%
Stuart Anderson
0%
Stuart Bown
0%
Stuart Cochrane
0%
Stuart Edwards
0%
Stuart Mangin
0%
Stuart Steele
0%
Sudjai Cook
0%
Sydney Stack
0%
Tadhg Kennelly
0%
Taj Woewodin
0%
Tanner Smith
0%
Tarkyn Lockyer
0%
Tarryn Thomas
0%
Taylin Duman
0%
Taylor Duryea
0%
Taylor Garner
0%
Taylor Hine
0%
Taylor Hunt
0%
Tayte Pears
0%
Ted Clohesy
0%
Thomson Dow
0%
Tim Broomhead
0%
Tim Cook
0%
Tim Elliott
0%
Tim Finocchiaro
0%
Tim Fleming
0%
Tim Golds
0%
Tim Houlihan
0%
Tim Livingstone
0%
Tim McIntyre
0%
Tim Membrey
0%
Tim Mohr
0%
Timmy Sumner
0%
Tim Notting
0%
Tim Rieniets
0%
Tim Ruffles
0%
Tim Schmidt
0%
Tim Scott
0%
Tim Smith
0%
Tim Walsh
0%
Tobe Watson
0%
Toby Bedford
0%
Toby Conway
0%
Toby McLean
0%
Toby McMullin
0%
Toby Pink
0%
Todd Banfield
0%
Todd Curley
0%
Todd Elton
0%
Todd Holmes
0%
Todd McHardy
0%
Todd Menegola
0%
Tomas Bugg
0%
Tom Atkins
0%
Tom Bellchambers
0%
Tom Berry
0%
Tom Brown
0%
Tom Campbell
0%
Tom Carr
0%
Tom Clurey
0%
Tom Collier
0%
Tom Couch
0%
Tom Curren
0%
Tom Cutler
0%
Tom Davidson
0%
Tom Derickx
0%
Tom Doedee
0%
Tom Downie
0%
Tom Emmett
0%
Tom Fields
0%
Tom Fullarton
0%
Tom Gillies
0%
Tom Gilligan
0%
Tom Hickey
0%
Tom Highmore
0%
Tom Hislop
0%
Tom Hutchesson
0%
Tom Jok
0%
Tom Jonas
0%
Tom Lamb
0%
Tom Langdon
0%
Tom Ledger
0%
Tom Lee
0%
Tom Logan
0%
Tom Lonergan
0%
Tom McDonald
0%
Tom McNamara
0%
Tommy Walsh
0%
Tom Roach
0%
Tom Sheridan
0%
Tom Sparrow
0%
Tom Swift
0%
Tom Warhurst
0%
Tom Williamson
0%
Tom Young
0%
Tony Armstrong
0%
Tony Begovich
0%
Tony Bourke
0%
Tony Brown
0%
Tony Delaney
0%
Tony Evans
0%
Tony Francis
0%
Tony Godden
0%
Tony Malakellis
0%
Tony Notte
0%
Tory Dickson
0%
Travis Baird
0%
Travis Colyer
0%
Travis Edmonds
0%
Trent Bartlett
0%
Trent Carroll
0%
Trent Cummings
0%
Trent Dennis-Lane
0%
Trent Dumont
0%
Trent Hentschel
0%
Trent Hoppner
0%
Trent Hotton
0%
Trent Knobel
0%
Trent Ormond-Allen
0%
Trent Rivers
0%
Trent Sporn
0%
Tristan Cartledge
0%
Tristan Lynch
0%
Tristen Walker
0%
Troy Bond
0%
Troy Chaplin
0%
Troy Clarke
0%
Troy Cook
0%
Troy Davis
0%
Troy Gray
0%
Troy Johnson
0%
Troy Lehmann
0%
Troy Longmuir
0%
Troy Luff
0%
Troy Makepeace
0%
Troy Menzel
0%
Troy Schwarze
0%
Troy Simmonds
0%
Troy Taylor
0%
Troy Wilson
0%
Ty Esler
0%
Tylar Young
0%
Tyler Brown
0%
Tyler Sonsie
0%
Tyson Goldsack
0%
Tyson Lane
0%
Tyson Slattery
0%
Tyson Stengle
0%
Tyson Stenglein
0%
Wade Chapman
0%
Warren Campbell
0%
Wayde Mills
0%
Wayde Twomey
0%
Wayne Campbell
0%
Wayne Hernaman
0%
Wayne Lamb
0%
Wayne Milera
0%
Wayne Thornborrow
0%
Wayne Weidemann
0%
Will Brodie
0%
Will Gould
0%
Will Hamill
0%
Will Hams
0%
Will Hayes
0%
Will Hayward
0%
Willie Dick
0%
Will Johnson
0%
Will Martyn
0%
Will Minson
0%
Will Sangster
0%
Will Setterfield
0%
Will Sierakowski
0%
Will Slade
0%
Will Snelling
0%
Will Thursfield
0%
Will Walker
0%
Will Young
0%
Wil Powell
0%
Wylie Buzza
0%
Xavier OHalloran
0%
Xavier ONeill
0%
Xavier Richards
0%
Zac Clarke
0%
Zac Dawson
0%
Zac Fisher
0%
Zac Foot
0%
Zach Beeck
0%
Zach Guthrie
0%
Zach Sproule
0%
Zach Tuohy
0%
Zac Langdon
0%
Zac OBrien
0%
Zac Smith
0%
Zac Williams
0%
Zaine Cordy
0%
Zane Trew
0%
Zephaniah Skinner
0%
No matching quizzes found
Score Distribution
Percent of People with Each Score
Percentile by Number Answered
Your Score History
You have not taken this quiz